Raman spectroscopy : theory and practice /

Guardado en:
Otros Autores: Szymanski, Herman A., ed. (Editor )
Formato: Revista
Idioma:English
Publicado: New York : Plenum Press, 1967-1970.
Materias:
Etiquetas: Agregar Etiqueta
Sin Etiquetas, Sea el primero en etiquetar este registro!
LEADER 00845cas a22002175a 4500
001 EIQ.libpla000851
008 790515d19671970nyuuu#p#######0###a0eng#d
005 20060607174649.0
245 0 0 |a Raman spectroscopy :  |b theory and practice /  |c edited by Herman A. Szymanski. 
260 |a New York :  |b Plenum Press,  |c 1967-1970. 
300 |a 2 v. :  |b il., fotos ;  |c 24 cm. 
362 0 |a v. 1-2; 1967-70. 
500 |a Incluye índice. 
700 1 |a Szymanski, Herman A.,  |d ed.  |4 edt 
082 0 |a 535/.846 
650 4 |a Epectroscopía Raman  |x Teoría aplicaciones. 
650 4 |a Raman spectroscopy  |x Theory and applications. 
010 |a  64023241   |z sn 90023731  
040 |a DLC  |c TxCM  |d OCoLC  |d MH  |d OCoLC  |d AR-BbSID 
859 |a AR-BbSID  |b BIB. PLAPIQUI  |h 543.085 14  |i R 141  |p 348  |v Vol. 1  |3 Vol. 1 
859 |a AR-BbSID  |b BIB. PLAPIQUI  |h 543.085 14  |i R 141  |p 382  |v Vol. 2  |3 Vol. 2